000
00304 a2200133 4500
001
49875
082
_a
536.2KR
090
_c
32199
_d
32199
100
_a
Kreith, Frank
245
_a
Principles of Heat Transfer, 3/e
250
_a
3
260
_a
Newyord
_b
Harper
_c
1976
500
_a
BE textbook aerospace
942
_a
NUST-CAE
_k
536.2KR
999
_c
284948
_d
284948